01378 a2200241 4500003000500000005001700005010001700022020001500039040000900054082001500063245005200078260011800130300002600248505045700274650004100731650005200772650005300824700004100877710006500918942001200983999001900995952012201014Nust20221221104647.0 a 77018444  a0891581529 cNust00a179.7, DEA00aDeath and decision cedited by Ernan Mc Mullin. aBoulder, Colo. :bPublished by Westview Press for the American Association for the Advancement of Science,c1978. axii, 154 p. ;c24 cm. aIntroduction (Page-1), Definition of Death where to Draw the Lines (Page-15), What is the Function of Medicine (Page-35), Psychology Factors in Coping with Dying (Page-45), Strategic Relationship in Dying (Page-63), The Right to Die Garrulously (Page-75), Euthanasia (Page-85), The Right Die and The Obligation to Care Allowing to die Killing for Mercy and Suicide (Page-111), Demands for Life and Requests for Death The Judicial Dilemma (Page-131). 0aDeathxPsychological aspects9105459 0aRight to diexMoral and ethical aspects9105460 0aTerminal carexMoral and ethical aspects91054611 aMcMullin, Ernan,d1924-2011.91054622 aAmerican Association for the Advancement of Science.9103667 2ddccBK c193866d193866 00102ddc4070aMCSbMCScGENd2016-12-12o179.7,DEApMCS5192r2016-12-08w2016-12-12yBKzAlmirah No.46, Shelf No.5